Biopaliva v letecké dopravě
Dopyt po leteckých pohonných hmotách. Kvapaľné biopalivá sú jedinou alternatívou súčasného leteckého petroleja. Budú však iné než tie, ktoré sa doteraz používajú v pozemnej doprave. Veda a výskum leteckých biopalív.
Na minha lista:
| Autor principal: | |
|---|---|
| Outros Autores: | |
| Formato: | Capítulo de Livro |
| Idioma: | tcheco |
| Assuntos: | |
| Tags: |
Sem tags, seja o primeiro a adicionar uma tag!
|
MARC
| LEADER | 00000naa a2200000 4500 | ||
|---|---|---|---|
| 001 | 0229993 | ||
| 005 | 20221104125209.6 | ||
| 041 | 0 | |a cze | |
| 044 | |a CZ | ||
| 245 | 1 | 0 | |a Biopaliva v letecké dopravě |c Martin Kubů, Ivan Souček |
| 520 | |a Dopyt po leteckých pohonných hmotách. Kvapaľné biopalivá sú jedinou alternatívou súčasného leteckého petroleja. Budú však iné než tie, ktoré sa doteraz používajú v pozemnej doprave. Veda a výskum leteckých biopalív. | ||
| 610 | 2 | 0 | |a doprava letecká |
| 610 | 2 | 0 | |a lietadlá |
| 610 | 2 | 0 | |a biopalivá |
| 610 | 2 | 0 | |a hmoty pohonné |
| 610 | 2 | 0 | |a oleje minerálne |
| 610 | 2 | 0 | |a palivá tekuté |
| 610 | 2 | 0 | |a veda |
| 610 | 2 | 0 | |a výskum |
| 610 | 2 | 0 | |a vývoj |
| 100 | 1 | |a Kubů, Martin | |
| 700 | 1 | |a Souček, Ivan | |